Indian periodicals directory. (Record no. 61881)
[ view plain ]
| 000 -LEADER | |
|---|---|
| fixed length control field | 00551cam a2200193 4500 |
| 001 - CONTROL NUMBER | |
| control field | sa 65001031 |
| 003 - CONTROL NUMBER IDENTIFIER | |
| control field | DLC |
| 005 - DATE AND TIME OF LATEST TRANSACTION | |
| control field | 20260227112107.0 |
| 008 - FIXED-LENGTH DATA ELEMENTS--GENERAL INFORMATION | |
| fixed length control field | 710119s1964 ii r 00100 eng |
| 010 ## - LIBRARY OF CONGRESS CONTROL NUMBER | |
| LC control number | sa 65001031 //r87 |
| 025 ## - OVERSEAS ACQUISITION NUMBER | |
| Overseas acquisition number | PL480:I-E-3916 |
| 043 ## - GEOGRAPHIC AREA CODE | |
| Geographic area code | a-ii--- |
| 050 0# - LIBRARY OF CONGRESS CALL NUMBER | |
| Classification number | Z6958.I4 |
| Item number | S8 |
| 100 10 - MAIN ENTRY--PERSONAL NAME | |
| Personal name | Sud, K. K. |
| Fuller form of name | (Krishna Kanta), |
| Relator term | ed. |
| 245 10 - TITLE STATEMENT | |
| Title | Indian periodicals directory. |
| 260 0# - PUBLICATION, DISTRIBUTION, ETC. | |
| Place of publication, distribution, etc. | Calcutta, |
| Name of publisher, distributor, etc. | Periodicals Indexing Service, Business Forms |
| Date of publication, distribution, etc. | [1964] |
| 300 ## - PHYSICAL DESCRIPTION | |
| Extent | 188 p. |
| Dimensions | 26 cm. |
| 650 #0 - SUBJECT ADDED ENTRY--TOPICAL TERM | |
| Topical term or geographic name entry element | Indic periodicals |
| General subdivision | Directories. |
No items available.